<?xml version="1.0" encoding="UTF-8"?>
<record
    xmlns:xsi="http://www.w3.org/2001/XMLSchema-instance"
    xsi:schemaLocation="http://www.loc.gov/MARC21/slim http://www.loc.gov/standards/marcxml/schema/MARC21slim.xsd"
    xmlns="http://www.loc.gov/MARC21/slim">

  <leader>01057nam a2200205   4500</leader>
  <controlfield tag="008">180523s2006    ag  |||gr|||| 000 e spa d</controlfield>
  <datafield tag="020" ind1=" " ind2=" ">
    <subfield code="a">9789871106172</subfield>
  </datafield>
  <datafield tag="041" ind1=" " ind2=" ">
    <subfield code="a">spa</subfield>
  </datafield>
  <datafield tag="092" ind1=" " ind2=" ">
    <subfield code="c">808</subfield>
    <subfield code="l">77</subfield>
    <subfield code="s">SAR</subfield>
  </datafield>
  <datafield tag="100" ind1="1" ind2=" ">
    <subfield code="a">Saramago, Jos&#xE9;</subfield>
    <subfield code="9">3296</subfield>
  </datafield>
  <datafield tag="245" ind1=" " ind2=" ">
    <subfield code="a">Ensayo sobre la ceguera /</subfield>
    <subfield code="c">Jos&#xE9; Saramago</subfield>
  </datafield>
  <datafield tag="250" ind1=" " ind2=" ">
    <subfield code="a">1a ed. 4ta reimp.</subfield>
    <subfield code="b">Traducci&#xF3;n Basilio Losada</subfield>
  </datafield>
  <datafield tag="260" ind1=" " ind2=" ">
    <subfield code="a">Buenos Aires:</subfield>
    <subfield code="b">Punto de Lectura;</subfield>
    <subfield code="c">2006.</subfield>
  </datafield>
  <datafield tag="300" ind1=" " ind2=" ">
    <subfield code="a">439 p.</subfield>
  </datafield>
  <datafield tag="500" ind1=" " ind2=" ">
    <subfield code="a">Saramago, J. (2006). Ensayo sobre la ceguera. (1a ed.). Buenos Aires : Punto de Lectura.</subfield>
  </datafield>
  <datafield tag="505" ind1=" " ind2=" ">
    <subfield code="a">Una ceguera blanca se expande de manera fulminante. Internados en cuarentena o perdidos por la ciudad, los ciegos deben enfrentarse a lo m&#xE1;s primitivo de la especia humana: la voluntad de sobrevivir a cualquier precio. Jos&#xE9; Saramago, Premio Nobel de Literatura 1998, teje una aterradora par&#xE1;bola acerca del ser humano, que encierra lo m&#xE1;s sublime y miserable de nosotros mismos. </subfield>
  </datafield>
  <datafield tag="590" ind1=" " ind2=" ">
    <subfield code="a">Proyecto 4to libro, donaci&#xF3;n Victoria Lara, mayo 2018.</subfield>
  </datafield>
  <datafield tag="655" ind1=" " ind2=" ">
    <subfield code="a">Literatura</subfield>
    <subfield code="9">2917</subfield>
  </datafield>
  <datafield tag="942" ind1=" " ind2=" ">
    <subfield code="2">ddc</subfield>
    <subfield code="c">LIT</subfield>
  </datafield>
  <datafield tag="999" ind1=" " ind2=" ">
    <subfield code="c">2761</subfield>
    <subfield code="d">2761</subfield>
  </datafield>
  <datafield tag="952" ind1=" " ind2=" ">
    <subfield code="0">0</subfield>
    <subfield code="1">0</subfield>
    <subfield code="2">ddc</subfield>
    <subfield code="4">0</subfield>
    <subfield code="7">0</subfield>
    <subfield code="a">BFM</subfield>
    <subfield code="b">BFM</subfield>
    <subfield code="c">CR</subfield>
    <subfield code="d">2018-05-23</subfield>
    <subfield code="e">Donaci&#xF3;n Victoria Lara, mayo 2018.</subfield>
    <subfield code="l">2</subfield>
    <subfield code="m">1</subfield>
    <subfield code="o">808 77 SAR</subfield>
    <subfield code="p">4304</subfield>
    <subfield code="r">2019-02-15</subfield>
    <subfield code="s">2018-12-21</subfield>
    <subfield code="t">Ej. 1</subfield>
    <subfield code="w">2018-05-23</subfield>
    <subfield code="y">LIT</subfield>
    <subfield code="z">Proyecto 4to libro, donaci&#xF3;n Victoria Lara, mayo 2018.</subfield>
  </datafield>
</record>
